00617nam a2200181 a 450000100100000000500170001000800410002704000250006810000320009324500540012525000120017926000600019130000210025149000170027283000240028995201050031399900170041800004282420201002040426.0140210s1974 ag 000 0 spa d aDO-SdBNPbspacBNPHU1 aTerragno, Rodolfo H.97018714aLos 400 días de Perón /cRodolfo H. Terragno. a2a. ed. aBuenos Aires, Argentina :bEdiciones de La Flor,c1974. a211 p. ;c20 cm.1 aCuestionario 0aCuestionario970188 001050718MOaGRbGRcCTd2014-02-10iLF1l0o p42824-10r2020-06-25w2020-06-25y1ZNo se presta c42313d42313